Online
Catalog

Mosaicos romanos de Soria / (Record no. 41680)

MARC details
000 -CABECERA
campo de control de longitud fija 00625nam a2200193 a 4500
001 - NÚMERO DE CONTROL
campo de control 000042191
005 - FECHA Y HORA DE LA ÚLTIMA TRANSACCIÓN
campo de control 20201002040009.0
008 - DATOS DE LONGITUD FIJA--INFORMACIÓN GENERAL
campo de control de longitud fija 131119s1983 spaa 000 0 spa d
020 ## - NÚMERO INTERNACIONAL ESTÁNDAR DEL LIBRO
Número Internacional Estándar del Libro 8400054482
040 ## - FUENTE DE LA CATALOGACIÓN
Centro catalogador/agencia de origen DO-SdBNP
Lengua de catalogación spa
Centro/agencia transcriptor BNPHU
100 1# - ENTRADA PRINCIPAL--NOMBRE DE PERSONA
Nombre de persona Blázquez, J. M.
9 (RLIN) 69196
245 10 - MENCIÓN DE TÍTULO
Título Mosaicos romanos de Soria /
Mención de responsabilidad, etc. por J.M. Blázquez y T. Ortego.
260 ## - PUBLICACIÓN, DISTRIBUCIÓN, ETC.
Lugar de publicación, distribución, etc. Madrid :
Nombre del editor, distribuidor, etc. CSIC,
Fecha de publicación, distribución, etc. 1983.
300 ## - DESCRIPCIÓN FÍSICA
Extensión 106 p. (38 lám.) ;
Dimensiones 28 cm.
490 1# - MENCIÓN DE SERIE
Mención de serie Corpus de mosaicos de España ;
Designación de volumen o secuencia 6
700 1# - PUNTO DE ACCESO ADICIONAL--NOMBRE DE PERSONA
Nombre de persona Ortego, T.
9 (RLIN) 69201
710 2# - PUNTO DE ACCESO ADICIONAL--NOMBRE DE ENTIDAD CORPORATIVA
Nombre de entidad corporativa o nombre de jurisdicción como elemento de entrada Instituto Español de Arqueología,
9 (RLIN) 68601
830 #0 - PUNTO DE ACCESO ADICIONAL DE SERIE-TÍTULO UNIFORME
Título uniforme Corpus de mosaicos de España ;
Designación de volumen o secuencia 6
9 (RLIN) 68602
Holdings
Estado de retiro Estado de pérdida Restricciones de uso No para préstamo Código de colección Localización permanente Ubicación/localización actual Ubicación en estantería Fecha de adquisición Número de inventario Total de préstamos Signatura topográfica completa Código de barras Fecha visto por última vez Precio válido a partir de Tipo de ítem Koha
        Monografías: Libros y Folletos General General Orden iniciada 19.11.2013 LF1   42191-10 25.06.2020 25.06.2020 No se presta

Powered by Koha